000 00539nam a22001577a 4500
999 _c61047
_d61047
005 20231212105455.0
008 231212s1987 ru ||||| |||| 00| 0 rus d
041 _arus
080 _a1(44) +2-1 Ш-25
100 _aШарден, Пьер Тейяр де
_920670
245 _aФеномен человека /
_cПьер Тейяр де Шарденю
264 _aМосква:
_bНаука,
_c1987.
300 _a239 с. ;
_b22 სმ.
653 _aადამიანის ფენომენი
942 _2udc
_cᲬᲘᲒᲜᲘ